| 000 | 01062nam a22002897a 4500 | ||
|---|---|---|---|
| 001 | 5450 | ||
| 003 | FISKH | ||
| 005 | 20241206161415.0 | ||
| 008 | 241206b cb ||||| |||| 00| 0 eng d | ||
| 020 | _a9780545116640 | ||
| 040 |
_aFISKH _beng _cFISKH _dFISKH |
||
| 050 | _aPN6231.C73 | ||
| 082 | _a364.10922 | ||
| 100 | _aZullo, Allan | ||
| 245 |
_aWorld's dumbest crooks 2 : _btrue tales of Goofs, Giggles & Gaffe / _cby Allan Zullo |
||
| 250 | _aFirst Scholastic printing, September 2009 | ||
| 260 |
_aNew York : _bScholastic ; _c2009. |
||
| 300 |
_a127 pages : _billustrations ; _c20 cm . |
||
| 505 | _aZ | ||
| 520 | _aOver one hundred true accounts of criminals' self-defeating behaviors, including those of a fleeing gunman who got stuck in freshly poured cement and a carjacker who led police on a high-speed chase into the parking lot of a state prison. | ||
| 521 | 8 |
_a950
_bLexile |
|
| 521 | 8 |
_aZ
_bRaz-Plus |
|
| 650 |
_adumb crooks _vNon-fiction |
||
| 650 |
_atrue crime _vNon-fiction |
||
| 942 |
_2ddc _cBK _n0 |
||
| 999 |
_c5450 _d5450 |
||